| 000 | 00678nam a2200205 a 4500 | ||
|---|---|---|---|
| 003 | BD-DhJNU | ||
| 005 | 20250630053151.0 | ||
| 008 | 820730s1982 ilua b 001 0 eng | ||
| 020 | _a0256024537 | ||
| 040 |
_aBD-DhJNU _bENG _cBD-DhJNU _dBD-DhJNU |
||
| 082 | 0 | 0 |
_a320.973 STU _223 |
| 100 | 1 | _aStarling, Grover | |
| 245 | 1 | 0 |
_aUnderstanding American politics / _cGrover Starling |
| 260 |
_aHomewood, Ill. : _bDorsey Press, _c1982. |
||
| 300 |
_axii, 538, [66] p. : _bill. (some col.) ; _c24 cm. |
||
| 440 | 4 | _aThe Dorsey series in political science | |
| 504 | _aIncludes bibliographical references and index. | ||
| 651 | 0 |
_aUnited States _xPolitics and government. |
|
| 942 | _cBK | ||
| 999 |
_c1849 _d1849 |
||